[Event "Lvov Vasylyshyn Memorial-A 11th"]
[Site "Lvov"]
[Date "2014.11.25"]
[Round "8"]
[White "Zakhartsov, Viacheslav V"]
[Black "Kolosowski, Mateusz"]
[Result "1-0"]
[WhiteElo "2547"]
[BlackElo "2474"]
[Annotator "Zakhartsov,Vi"]
[PlyCount "135"]
[EventDate "2014.11.18"]
[EventType "tourn"]
[EventRounds "9"]
[EventCountry "UKR"]
[EventCategory "9"]
[SourceTitle "CBM 164"]
[Source "ChessBase"]
[SourceDate "2015.01.15"]
[SourceVersion "1"]
[SourceVersionDate "2015.01.15"]
[SourceQuality "1"]

1. d4 Nf6 2. c4 g6 3. Nc3 d5 4. cxd5 Nxd5 5. e4 Nxc3 6. bxc3 Bg7 7. Qa4+ Qd7 8.
Qa3 (8. Qb3 {is a more frequent move, but there, I think, Black can equalise by
} O-O 9. Nf3 c5 10. Be3 cxd4 11. cxd4 Nc6 12. Rd1 Qd6 13. h3 Bd7 {
Nepomniachtchi - Kurnosov, Tiumen 2012}) 8... O-O 9. Nf3 b6 10. Bd3 c5 11. O-O
Bb7 12. Bg5 e6 (12... Nc6 13. d5 Na5 14. Rad1 e6 15. c4 {with an edge for
White, Moiseenko - Khairullin, Moscow 2014.}) 13. Rad1 Qc7 {A novelty.} (13...
cxd4 14. cxd4 Nc6 15. Bb5 a6 (15... f6 {(Vishnu - Iv. Popov, Chennai 2013),
and now White could win material by} 16. d5 exd5 17. exd5 Qe7 18. Bc1 {!}) 16.
Ne5 Qc7 (16... axb5 $2 17. Qxf8+ Rxf8 18. Nxd7 $18) 17. Bxc6 Bxc6 18. Nxc6 Qxc6
19. d5 exd5 20. exd5 Qd7 21. d6 {with an obvious advantage for White.}) 14. Bh4
Nd7 15. Bg3 e5 16. Qb3 {In order to prevent ...a6 and b5. Now I am ready to
play a4.} Rac8 17. Qb1 Bc6 18. Ba6 Rcd8 19. Bb5 (19. Qc2 $1 {(preventing ...
Ba4) would be very strong:} Rfe8 (19... b5 20. a4 $1 (20. d5 Nb8)) 20. d5 Bb7
21. Bc4 {with an advantage.}) 19... Bxb5 20. Qxb5 Rfe8 (20... cxd4 $5 21. cxd4
Qb7 {with good chances to equalise.}) 21. Rfe1 Bf6 22. Qa4 (22. d5 {now and on
the subsequent moves would be stronger. I wanted to keep the tension in the
centre due to his approaching time trouble.}) 22... Kg7 23. h3 Qb8 24. Qa6 Qc7
25. Rd2 Rc8 26. Red1 Qc6 27. dxe5 Nxe5 28. Rd6 {More ambitious than} (28. Nxe5
Bxe5 29. Bxe5+ Rxe5 30. Rd6 Qe8 31. f3 Rc7 32. c4 {with an edge}) 28... Nxf3+
29. gxf3 Qa8 30. Rd7 Rcd8 31. Bc7 $4 {A serious blunder.} (31. Qa4 {would keep
the advantage, for instance} Rxd7 (31... Bxc3 $4 32. Qc4) 32. Rxd7 Re7 33. Rxe7
Bxe7 34. Qd7 Qd8 35. Qxa7 Bh4 36. Qc7 Qd1+ 37. Kg2 Bxg3 38. Qxg3 Qd8 {and
White is clearly on top, although Black has some drawing chances.}) 31... Rxd7
32. Rxd7 Qc6 33. Qd3 Bd4 $1 {Turning the tables.} 34. Rd5 Bxf2+ 35. Kxf2 Qxc7
36. Kg2 Re7 37. Rd6 Re6 38. Rd7 Qf4 39. Qd2 Qxd2+ 40. Rxd2 Kf6 41. Rd8 Re7 {
Black is a healthy pawn up and has good winning chances in the rook ending.}
42. Kf2 Ke6 43. Ke3 Rd7 44. Re8+ Kf6 45. h4 Kg7 $1 (45... c4 46. Kf4 Rd3 47.
e5+ Kg7 48. Re7 Rxc3 49. Rxa7 {would give White good drawing chances.}) 46. a4
c4 47. Kf4 (47. e5 Rd3+ 48. Ke4 Rxc3 49. Re7 a5 (49... Rc2 50. Rxa7 Rh2 51. Ke3
Kf8 52. e6 fxe6 53. Rxh7 c3 54. Rc7 c2 55. Kd3 Rxh4 56. Rxc2 Rxa4 57. Rc6 {
with excellent drawing chances}) 50. e6 Kf6 51. Rxf7+ Kxe6 52. Rxh7 Kd6 53. Rh6
Kc5 54. Rxg6 Rc1 55. Ke3 Rd1 56. Ke2 Rd7 {with good winning chances.}) 47...
Rd3 48. Re7 a5 49. Rb7 Rxc3 50. e5 {Searching for counterplay is the only
practical chance.} (50. Rxb6 Ra3 51. Rc6 Rxa4 {with 2 pawns up.}) 50... Kg8 51.
Rb8+ Kg7 52. Rb7 Kf8 53. Rb8+ Ke7 54. Rb7+ Ke8 55. Rb8+ Kd7 56. Rb7+ Kc6 57.
Rxf7 Rc1 (57... Ra3 $1 {(grabbing 1 more queenside pawn) should win:} 58. Rxh7
Rxa4 59. Ke3 b5) 58. Rxh7 Re1 {One more inaccuracy.} (58... c3 59. Rh6 Rg1 {
would keep good winning chances:} (59... c2 $2 60. Rxg6+ Kd5 61. Rg2) 60. Rh8
Kc5 61. Rc8+ Kb4 62. Ke3 Re1+ 63. Kd3 (63. Kd4 Rd1+ 64. Ke4 Kb3 $19) 63... Rxe5
64. Rc4+ Kb3 65. Rxc3+ Kxa4) 59. Rg7 c3 60. Rxg6+ Kc5 61. Rg8 Kb4 62. Rc8 Kb3
63. Kf5 {Now White is OK. Moreover, now Black has to play precisely in order
not to lose.} c2 64. e6 c1=Q 65. Rxc1 Rxc1 66. e7 Re1 $4 {A decisive mistake
in severe time trouble.} (66... Rc8 $1 {was the only move} 67. Ke6 Rh8 $1 {
(another precise move, which was not easy to execute after almost 5 hours of
play and having only 30 seconds per move)} (67... Kxa4 68. f4 Kb3 69. f5 a4 70.
f6 a3 71. f7 a2 72. f8=Q Rxf8 73. exf8=Q a1=Q 74. Qf3+ Kb4 75. Qf4+ Kb3 76. h5
{with good winning chances}) (67... b5 68. axb5 a4 (68... Rb8 69. Kf7 a4 70.
e8=Q Rxe8 71. Kxe8 a3 72. b6 a2 73. b7) 69. Kd7 Rh8 70. e8=Q {and White is
winning}) 68. Kd7 (68. f4 b5 69. f5 bxa4 70. f6 a3 71. f7 a2 72. e8=Q a1=Q 73.
Qb5+ Kc2 74. Qe2+ $11) 68... Kxa4 69. f4 Kb5 70. f5 a4 71. f6 a3 72. f7 a2 73.
f8=Q a1=Q 74. e8=Q Rxf8 75. Qxf8 Qd4+ 76. Qd6 Qxh4 77. Qd5+ Kb4 78. Qd2+ Kb5
79. Qd5+ {with a draw.}) 67. Kf6 Kc4 68. h5 1-0